Paroles "Comme ça" - PZK - Statistiques

Statistiques générales
  • Ce quiz a été pris 15 fois
  • Le résultat moyen est 317 sur 398
Statistiques - réponses
Paroles % Correct
A
100%
a
100%
à
100%
aime
100%
aimer
100%
ça
100%
comme
100%
cool
100%
Cool
100%
dans
100%
de
100%
est
100%
et
100%
Et
100%
juste
100%
la
100%
La
100%
l'aise
100%
nous
100%
Nous
100%
On
100%
on
100%
qu'on
100%
sofa
100%
un
100%
Un
100%
veut
100%
vie
100%
c'est
89%
C'est
89%
des
89%
Le
89%
le
89%
les
89%
PZK
89%
Tu
89%
tu
89%
Dad
78%
en
78%
En
78%
pour
78%
que
78%
sais
78%
te
78%
Ah
67%
ah, ah, ah-ah
67%
cave
67%
Déguisé
67%
kiffer
67%
normal
67%
not'
67%
notre
67%
pas
67%
poil
67%
posé
67%
Sache
67%
sans
67%
s'en
67%
Si
67%
si
67%
ta
67%
ton
67%
très
67%
ainsi
56%
avance
56%
banal
56%
Daddys
56%
demandes
56%
d'être
56%
être
56%
gens
56%
jour
56%
Kids
56%
mec
56%
mentalité
56%
Noël
56%
ouais
56%
Ouais
56%
pépère
56%
philosophie
56%
pourquoi
56%
principe
56%
sapin
56%
sur
56%
'teilles
56%
trouveras
56%
trouves
56%
une
56%
Allongé
44%
alors
44%
Bien
44%
Boum
44%
boum
44%
cherches
44%
déboite
44%
déjà
44%
fasse
44%
hamac
44%
life
44%
piste
44%
Quand
44%
qu'elle
44%
relax
44%
remonte
44%
rêve
44%
saouler
44%
soirée
44%
sourd
44%
s'ra
44%
tape
44%
t'es
44%
tiser
44%
toucher
44%
viens
44%
Aller
33%
années
33%
bons
33%
boxon
33%
chanter
33%
Considère-moi
33%
côtés
33%
décidé
33%
délires
33%
d'esprit
33%
dit
33%
d'voir
33%
état
33%
façon
33%
fat
33%
Fuck
33%
Ho, ho-ho-ho
33%
Jeunes
33%
jeunes
33%
l'genre
33%
lourd
33%
mode
33%
motiver
33%
musique
33%
Off
33%
péter
33%
plombs
33%
quelques
33%
retraités
33%
satin
33%
S'laisser
33%
son
33%
trop
33%
Vivre
33%
voguer
33%
amis
22%
Bah
22%
canap'
22%
changera
22%
entre
22%
light
22%
mettre
22%
ne
22%
personne
22%
qu'ils
22%
saoulent
22%
têtu
22%
Fans
11%
Aucun quiz correspondant
Distribution des résultats
% des personnes avec chaque résultat
Percentile par nombre de réponses
Votre historique - résultats
Vous n’avez pas pris ce quiz